| 000 | 00708nam a22002177a 4500 | ||
|---|---|---|---|
| 942 | _cBK | ||
| 999 |
_c65 _d65 |
||
| 003 | OSt | ||
| 005 | 20250420134754.0 | ||
| 008 | 191028b ||||| |||| 00| 0 eng d | ||
| 020 | _a9781981906413 | ||
| 040 |
_cOst _dKCST _beng |
||
| 082 |
_a155.25 _bEd Se |
||
| 100 |
_aEdblad, Patrick _9275 |
||
| 245 |
_aThe self-discipline blueprint : _ba simple guide to beat procrastination, achieve your goals, and realize your potential / _cPatrik Edblad |
||
| 260 |
_a[United States?] : _b[publisher not identified], _c[2018] ©2018 |
||
| 300 |
_a157 pages : _c23 cm |
||
| 650 |
_aSelf-control. _9276 |
||
| 650 |
_aSelf-management (Psychology) _9277 |
||
| 650 |
_aGoal (Psychology) _9278 |
||
| 942 | _2ddc | ||